| 000 | 00595 a2200205 4500 | ||
|---|---|---|---|
| 003 | OSt | ||
| 005 | 20230804140526.0 | ||
| 008 | 160830b xxu||||| |||| 00| 0 eng d | ||
| 020 | _a8178089394 | ||
| 024 | _a9788178089395 | ||
| 040 | _c0 | ||
| 082 |
_a332.645 _bHUL |
||
| 100 |
_aHull, John C. _965898 |
||
| 245 |
_aOptions, Futures, and Other Derviatives _cJohn C. Hull |
||
| 250 | _a5th Ed. | ||
| 260 |
_aNew Delhi, India _bPEARSON education _c2004 |
||
| 300 |
_a744 p. _bphoto copy |
||
| 440 |
_aOptions, Futures, and Other Derviatives _9113967 |
||
| 942 |
_aNBS _cBK _k332.632 HUL 2003 _2ddc |
||
| 999 |
_c345534 _d345534 |
||